Statistics for 100 største Danske byer

Click here to take the quiz!

General Stats

  • This quiz has been taken 59 times
    (57 since last reset)
  • The average score is 52 of 100

Answer Stats

NUMMEREAnswerINBYGGERE% Correct
2aarhus290T
100%
1københavn1.3M
100%
4aalborg120T
95%
3odense182T
95%
9vejle61T
92%
10roskilde52T
90%
5esbjerg71T
87%
7horsens63T
82%
15næstved44T
82%
6randers64T
82%
17fredericia40T
79%
8kolding62T
79%
36skanderborg19T
79%
16viborg41T
79%
11herning51T
77%
22slagelse34T
74%
18køge38T
72%
37nyborg17T
72%
24sønderborg27T
72%
23holbæk29T
69%
43middelfart16T
69%
88skagen7T
69%
19holstebro36T
67%
28ringsted22T
67%
25svendborg27T
67%
30frederikshavn22T
64%
21hillerød35T
64%
47korsør14T
64%
12silkeborg50T
64%
35skive20T
64%
42aabenraa16T
62%
14helsingør47T
62%
51thisted13T
62%
61vordingborg11T
62%
31haderslev22T
59%
26hjørring25T
59%
13hørsholm47T
59%
44kalundborg15T
59%
57nakskov12T
59%
97faaborg6T
56%
40nykøbing F16T
56%
84sorø7T
56%
39frederikssund16T
54%
72nykøbing M9T
54%
53odder12T
54%
80ribe8T
54%
50rønne13T
54%
85skjern7T
54%
87tønder7T
54%
95billund6T
51%
34farum20T
51%
60hobro12T
51%
20taastrup35T
51%
54brønderslev12T
49%
55frederiksværk12T
49%
48grenaa14T
49%
45ikast15T
49%
66ringkøbing9T
49%
75sæby8T
46%
65struer10T
46%
64vejen10T
46%
93ebeltoft7T
44%
78hundested8T
44%
62jyllinge10T
44%
29ølstykke22T
44%
41lillerød16T
41%
27nørresundby23T
41%
91vojens7T
41%
33birkerød20T
38%
58dragør12T
38%
73fredensborg8T
38%
59haslev12T
38%
56hedensted12T
38%
98lemvig6T
38%
76aars8T
36%
100gilleleje6T
36%
74helsinge8T
36%
92ry7T
36%
90brande7T
33%
82hadsten8T
33%
38solrød strand17T
33%
70støvring9T
33%
68grindsted9T
31%
46hedehusene14T
31%
81hinnerup8T
31%
83nivå7T
31%
52værløse13T
31%
67humlebæk9T
28%
94bramming6T
26%
96hammel6T
26%
63lystrup10T
26%
32smørumnedre20T
23%
86svenstrup7T
23%
69beder9T
21%
89bjerringbro7T
21%
71galten9T
21%
79hørning8T
18%
77løgten8T
15%
99slangerup6T
15%
49vadrde14T
3%

Score Distribution

Percentile by Number Answered

Percent of People with Each Score

Your Score History

You have not taken this quiz since the last reset